000 00781nam a2200205 u 4500
001 000234813
003 AM-YeHGA
005 20250617124639.0
008 030613s1983 ai r 000 0 rus d
040 _aAM-YeHGA
245 0 0 _aПроблемы биологии старения /
_cРед. А. А. Малиновский ; Московское общестао испытателей природы.
260 _aМосква :
_bНаука,
_c1983.
300 _a124 с. :
_bил. ;
_c20 см.
504 _aСписок лит. : с. 122-123
650 1 4 _aБиология
650 1 4 _aСтарение
700 1 _aМалиновский, А.А.
_eРед.
_4edt
710 2 _aМосковское общестао испытателей природы
090 _c84248
999 _c82974
_d82974